Ešte raz: Marks, Engeľs, či Marx, Engels?

Bibliographic Details
Main Author: Dvonč, Ladislav, 1926-2003 (Author)
Format: Article
Language:Slovak
Subjects:

MARC

LEADER 00000nab a2200000 a 4500
001 vtls009190945
003 SK-MaSNL
005 20260304205924.0
008 250507c1967 xo |||||| b ||00 b|slo
015 |a SNBRB2008/03  |2 snkbucl 
035 |a (uuid)7f0e9c73-74c2-4ebc-9223-914f04dd2871 
035 |a urn:nbn:sk:snk-abc3da 
035 |a (urnnbn)urn:nbn:sk:snk:ar-002r8m 
038 |a SNKBUCL 
040 |a SNKBUCL  |b slo  |c SNKBUCL  |e AACR2 
041 0 |a slo 
044 |a xo  |c SK 
080 |a 811.162.4`373.21  |2 1997 
080 |a 811.162.4`373.45  |2 1997 
080 |a 811.162.4`367.622.18  |2 1997 
080 |a 811.162.4`35  |2 1997 
080 |a 81`35:811.162.4  |2 1997 
080 |a 81`367.622.12:811.162.4  |2 1997 
080 |a 81`373.21:811.162.4  |2 1997 
080 |a 81`373.45:811.162.4  |2 1997 
080 |a 003.034  |2 1997 
100 1 |a Dvonč, Ladislav,  |d 1926-2003  |4 aut  |9 101854 
245 1 0 |a Ešte raz: Marks, Engeľs, či Marx, Engels?  |c Ladislav Dvonč 
650 0 7 |a slovenčina  |2 snkbucl  |9 1350 
650 0 7 |a ojkonymá  |2 snkbucl  |9 239133 
650 0 7 |a cudzie slová  |2 snkbucl  |9 28704 
650 0 7 |a pravopis  |2 snkbucl  |9 868 
650 0 7 |a transliterácia  |2 snkbucl  |9 24477 
650 0 7 |a názvy miest  |2 snkbucl  |9 16449 
650 0 7 |a cudzie názvy miest  |2 snkbucl  |9 1219524 
651 7 |a Rusko  |2 snkbucl  |9 17250 
773 0 |t Slovenská reč  |g Roč. 33, č. 5 (1968), s. 303-306 
850 |a Slovenská národná knižnica 
852 |a Slovenská národná knižnica 
954 |a odborná, vedecká literatúra pôvodná (slovenská)  |2 lita 
958 |a article15 
958 |a OND 
958 |a NB 
958 |a EUIPO 
999 |c 3123713  |d 3125643